Statistics for 1930s-era Fascist parties by flags and emblems

Click here to take the quiz!

General Stats

  • This quiz has been taken 120 times
    (105 since last reset)
  • The average score is 16 of 46

Answer Stats

Answer% Correct
NSDAP
87%
NSDAP - Nazi Party (Adolf Hitler)
87%
NS
76%
NS - Nasjonal Samling (National Rally) (Vidkun Quisling)
76%
PNF
74%
PNF - National Fascist Party (Benito Mussolini)
74%
Falangist - FET y de las JONS (José Antonio Primo de Rivera, Francisco Franco)
69%
Spanish Falange
69%
Iron Guard
60%
Iron Guard - Legion of the Archangel Michael (Corneliu Codreanu, Horia Sima)
60%
Ustaše
53%
Ustaše - Croatian Revolutionary Movement (Ante Pavelić)
53%
BUF
46%
BUF - British Union of Fascists (Oswald Mosley)
46%
National Union
34%
União Nacional (National Union) (Antonio Oliveira de Salazar)
34%
Arrow Cross Party
31%
Arrow Cross Party - Hungarist Movement (Ferenc Szálasi)
31%
Fatherland Front
31%
Fatherland Front (Engelbert Dollfuss, Kurt Schuschnigg)
31%
ONR - Falanga National Radical Camp (Bolesław Piasecki)
30%
Rexist Party
27%
Rexist Party (Léon Degrelle)
27%
RFP
26%
RFP - Russian Fascist Party (Konstantin Rodzaevsky)
26%
PPF
23%
PPF - French Popular Party (Jacques Doriot)
23%
NSB
21%
NSB - National Socialist Movement in the Netherlands (Anton Mussert)
21%
SBNL - Union of Bulgarian National Legions
21%
SBNL - Union of Bulgarian National Legions (Hristo Lukov)
21%
SSNP
20%
SSNP - Syrian Social Nationalist Party (Antoun Saadeh)
20%
AIB
19%
AIB - Brazilian Integralist Action (Plínio Salgado)
19%
Hlinka Party
16%
Hlinka's Slovak People's Party – Party of Slovak National Unity (Jozef Tiso)
16%
Taisei Yokusankai - Imperial Rule Assistance Association (Fumimaro Konoe, Hideki Tojo)
16%
MNS
14%
MNS - National Syndicalist Movement (only 1932-34)
14%
EON
13%
EON - National Youth Organisation (Ioannis Metaxas)
13%
VNV
11%
VNV - Vlaams Nationaal Verbond (Flemish National Union) (Staf de Clerq, Hendrik Elias)
11%
National Unity Party
9%
National Unity Party - National Social Christian Party (Adrien Arcand)
9%

Score Distribution

Percentile by Number Answered

Percent of People with Each Score

Your Score History

You have not taken this quiz since the last reset